| 000 | 01132nam a22002657a 4500 | ||
|---|---|---|---|
| 999 |
_c62930 _d62930 |
||
| 005 | 20240530110614.0 | ||
| 008 | 160903s2013 ua a g 001 0 ara d | ||
| 017 |
_a2012/15989 _bمصر . دار الكتب والوثائق القوميه |
||
| 020 | _a9789777180368 | ||
| 040 | _aEG-CaGPL | ||
| 082 | 0 | 4 |
_2ط21 _a953.07/ _bف م . |
| 100 | 1 | _aفارج فيليب | |
| 245 | 1 |
_aالمسيحيون و اليهود فى التاريخ الاسلامى العربى و التركى : _cتاليف فارج فيليب ، يوسف كرباج ؛ ترجمه بشير السباعى |
|
| 250 | _aط1 . | ||
| 260 |
_aالقاهره : _bالمركز القومى للترجمه ، _c2013 . |
||
| 300 |
_a315 ص ؛ _c24 سم . |
||
| 490 | 0 |
_aالمشروع القومى للترجمه _v2147 |
|
| 650 | 0 | 4 |
_aالعالم العربى _xتاريخ |
| 650 | 0 | 4 |
_aاليهود _xالعالم الاسلامى |
| 650 | 0 | 4 |
_aالمسيحيون _xالعالم الاسلامى |
| 700 | 0 |
_aيوسف كرباج _eمؤلف |
|
| 700 | 0 |
_aبشير السباعى _eمترجم |
|
| 942 |
_2ddc _cBK |
||